| 000 | 00441nam a22001817a 4500 | ||
|---|---|---|---|
| 003 | NUST - PNEC | ||
| 005 | 20170116180934.0 | ||
| 008 | 150906b xxu||||| |||| 00| 0 eng d | ||
| 020 | _a8174090568 | ||
| 040 | _cLIBRARY | ||
| 082 | _a621.317 BIM | ||
| 100 |
_98425 _aBhimbhra, P. S. |
||
| 245 |
_aPOWER ELECTRONICS _cP. S. Bhimbhra |
||
| 250 | _a3rd ed. | ||
| 260 | _cc.2004 | ||
| 650 |
_98428 _aPower electronics _xEL |
||
| 942 |
_2ddc _cBK |
||
| 999 |
_c65994 _d65994 |
||